Solar powered street sweeper machine (Record no. 1049)

MARC details
000 -LEADER
fixed length control field 03515nam a22002777a 4500
003 - CONTROL NUMBER IDENTIFIER
control field URS
005 - DATE AND TIME OF LATEST TRANSACTION
control field 20220117113733.0
008 - FIXED-LENGTH DATA ELEMENTS--GENERAL INFORMATION
fixed length control field 190207b xxu||||| |||| 00| 0 eng d
040 ## -
-- URS
041 ## - LANGUAGE CODE
Language code of text/sound track or separate title eng
050 00 - LIBRARY OF CONGRESS CALL NUMBER
Classification number TJ912
Item number .C175 2016
100 1# - MAIN ENTRY--PERSONAL NAME
Personal name Capua, Mark Jonathan T.
Relator term author
245 ## - TITLE STATEMENT
Title <a href="Solar powered street sweeper machine">Solar powered street sweeper machine</a>
260 ## - PUBLICATION, DISTRIBUTION, ETC. (IMPRINT)
Date of publication, distribution, etc 2016
300 ## - PHYSICAL DESCRIPTION
Extent xii, 69 leaves :
Other physical details colour illustrations ;
Dimensions 28 cm
336 ## - CONTENT TYPE
Source rda content
Content type term text
337 ## - MEDIA TYPE
Source rda media
Media type term unmediated
338 ## - CARRIER TYPE
Source rda carrier
Carrier type term volume
502 ## - DISSERTATION NOTE
Degree type Thesis (Bachelor of Science in Computer Engineering) -- University of Rizal System-Morong.
520 ## - SUMMARY, ETC.
Summary, etc EXEUTIVE SUMMARY: This study to develop a Solar Powered Street Sweeper Machine in which its electricity is absorbed from the sun as a substitute for diesel and it was controlled by a remote controller through the use of transceiver module. The study was conducted by Bachelor of Science in Computer Engineering Students at the University of Rizal System, Morong Campus during the academic year 2015-2016. The researchers used 5 street sweepers and 5 experts outside the school as the respondents. Which were selected purposively in accordance with their expertise in the project. A questionnaire checklist was used to gather the needed data to find out if it is acceptable to the users. The study used the descriptive developmental method in utilizing the researcher-made questionnaire checklist. The researchers made use of the Weighted mean Formula to properly understand and compute the level of acceptability for accuracy, applicability, workability, user friendliness, and safety and maintenance of Solar Powered Street Sweeper Machine. On the evaluation that the researchers made through questionnaire checklist the level of acceptability of the project is Excellent considering the project accuracy, applicability, workability, user friendliness and safety and maintenance. The Solar Powered Street Sweeper Machine was rated Excellent as perceived by the respondents obtaining the following rankings safety and maintenance with the average men of 4.77, followed workability with a 4.75 average mean, third is user friendliness with a 4.65 average mean, fourth is the applicability with a 4.5 average mean and lastly is the accuracy with a 4.45 average weighted mean. Generally the weighted mean of the above criterion was computed to be a 4.62 which also have a verbal interpretation as excellent. The study revealed that the Solar Powered Street Sweeper Machine was constructed using materials available locally. The Solar Powered Street Sweeper Machine system programs had made the device operate according to its functions. It is also excellent in terms of accuracy, applicability, workability, user friendliness and safety and maintenance. Based on the results of the study, the researchers recommended to improve its storage capacity to store more garbage, to use more powerful motor for the wheels to move accurately to its desired movement and use better transceiver module like signee for the data to transmit consistently or use WIFI module for the control. Further research for the modification of the output may be conducted for its improvement.
650 ## - SUBJECT ADDED ENTRY--TOPICAL TERM
Topical term or geographic name as entry element Solar energy.
700 1# - ADDED ENTRY--PERSONAL NAME
Personal name Dela Raga, Edlene Rose C.
Relator term author
700 1# - ADDED ENTRY--PERSONAL NAME
Personal name Fernando, Danica Rose C.
Relator term author
700 1# - ADDED ENTRY--PERSONAL NAME
Personal name Carigma, Leilane SD.
Relator term degree supervisor
942 ## - ADDED ENTRY ELEMENTS (KOHA)
Source of classification or shelving scheme Library of Congress Classification
Koha item type Theses and dissertations
Holdings
Withdrawn status Source of classification or shelving scheme Damaged status Not for loan Collection code Home library Current library Date acquired Total Checkouts Full call number Barcode Date last seen Copy number Price effective from Koha item type
  Library of Congress Classification     Reference Morong College Library Morong College Library 02/07/2019   TJ912.C175 2016 URSMOR-CL-004445 02/07/2019 1 02/27/2019 Theses and dissertations

University of Rizal System
Email us at univlibservices@urs.edu.ph

Visit our Website www.urs.edu.ph/library